| Registos Bibliográficos associados ao registo de autoridade |
|
Etiqueta de registo: 00000nkm 2200025 450 001 2273147 003 http://id.bnportugal.gov.pt/bib/catbnp/2273147 100 ## $a20260227d1981 m y0pory01030103ba 101 0# $apor 102 ## $aPT 200 1# $aSemana de tecnologia, qualidade de vida e desenvolvimento, [Barreiro], 11 a 15 de
maio$bVisual gráfico]$fEscola Secundária Alfredo da Silva$gLuísa Maria Rodrigues 210 #9 $a[Barreiro]$cEscola Secundária Alfredo da Silva,$d1981$eOeiras :$gGráfica 2000) 215 ## $a1 cartaz$ccolor.$d50x36,3 cm 317 ## $aColeção Madeira Luís 702 #1 $aRodrigues,$bLuísa Maria,$caluna da Escola Secundária Alfredo da Silva,$d8.o ano$f1981$4440$31987934 710 02 $aEscola Secundária Alfredo da Silva$c(Barreiro)$3278720 711 01 $aBarreiro.$bCâmara Municipal$33024 801 #0 $aPT$bBN$gRPC 966 ## $lBN$mICONOG$sCT. 22719 A.$x3 971 ## $cCatmusica8$d20260227 995 ## $aPRR2026
|
|
|